Exam view Pro : Go for it: Level 1 & 2 Assessment CD-ROM

Zapisane w:
Opis bibliograficzny
1. autor: Nunan, David
Format: Książka
Język:Undetermined
Wydane: Boston, MA Thomson/Heinle 2005
Hasła przedmiotowe:
Etykiety: Dodaj etykietę
Nie ma etykietki, Dołącz pierwszą etykiete!
Thư viện lưu trữ: Trung tâm Học liệu Trường Đại học Cần Thơ
LEADER 00613nam a2200217Ia 4500
001 CTU_124462
008 210402s9999 xx 000 0 und d
020 |c 680000 
082 |a 428.34 
082 |b N972as 
100 |a Nunan, David 
245 0 |a Exam view Pro : Go for it: Level 1 & 2 
245 0 |b Assessment CD-ROM 
245 0 |c David Nunan and Ivor Williams 
260 |a Boston, MA 
260 |b Thomson/Heinle 
260 |c 2005 
650 |a English language,Listening 
650 |x Study and teaching,Foreign speakers 
904 |i Minh 
980 |a Trung tâm Học liệu Trường Đại học Cần Thơ